00193nam a2200085Ia 4500008004100000100001400041245002200055260002100077260000900098170620s9999 xx 000 0 und d aN.C.E.R.T 0aManansheel Shiksh bNew Delhi- NCERT c2007